[Event "Cape Town Masters"]
[Site "Cape Town"]
[Date "2025.01.11"]
[Round "9"]
[White "Mankga, Thabang"]
[Black "Kleinsmidt, Cherwin"]
[Result "1-0"]
[WhiteElo "1794"]
[BlackElo "1918"]
[PlyCount "35"]
[EventDate "2025.01.06"]
[EventType "swiss"]
[EventRounds "9"]
[EventCountry "RSA"]
[SourceTitle "CB03_2025"]
[SourceDate "2025.01.15"]
[SourceVersion "1"]
[SourceVersionDate "2025.01.15"]
[SourceQuality "1"]

1. d4 Nf6 2. Nf3 g6 3. c4 Bg7 4. g3 0-0 5. Bg2 d5 6. cxd5 Nxd5 7. e4 Nb6 8. 0-0 Bg4 9. Be3 Nc6 10. e5 Qd7 11. Na3 Rad8 12. Nc2 Bh3 13. Rc1 Bxg2 14. Kxg2 Qd5 15. b3 Qa5 16. a3 Nxe5 17. Bd2 Qd5 18. dxe5 1-0

[Event "Cape Town Masters"]
[Site "Cape Town"]
[Date "2025.01.06"]
[Round "2"]
[White "Kleinsmidt, Cherwin"]
[Black "Southey, Andrew M"]
[Result "1-0"]
[WhiteElo "1918"]
[BlackElo "1737"]
[PlyCount "83"]
[EventDate "2025.01.06"]
[EventType "swiss"]
[EventRounds "9"]
[EventCountry "RSA"]
[SourceTitle "CB03_2025"]
[SourceDate "2025.01.15"]
[SourceVersion "1"]
[SourceVersionDate "2025.01.15"]
[SourceQuality "1"]

1. d4 Nf6 2. c4 e5 3. dxe5 Ne4 4. Nf3 Nc6 5. a3 d6 6. g3 dxe5 7. Qxd8+ Kxd8 8. Bg2 f5 9. Ng5 Nxg5 10. Bxg5+ Be7 11. Be3 Nd4 12. Bxd4 exd4 13. Nd2 Bf6 14. Nb3 Ke7 15. 0-0-0 Rd8 16. Rd2 Be6 17. Na5 Bc8 18. Bxb7 Bxb7 19. Nxb7 Rdb8 20. Na5 Rb6 21. c5 Re6 22. b4 c6 23. Kc2 g5 24. Nc4 h5 25. Nd6 Re5 26. f4 Rd5 27. fxg5 Bxg5 28. Rxd4 Re5 29. e4 Be3 30. Rd3 Bg5 31. Nxf5+ Kf8 32. Rf1 Kg8 33. h4 Bf6 34. Rd6 Rf8 35. Kd3 Bg7 36. Rxc6 Ree8 37. Rg6 Rd8+ 38. Kc4 Rd7 39. c6 Rc7 40. Rd1 Kh7 41. Rxg7+ Rxg7 42. Kd4 1-0

[Event "South African op"]
[Site "Cape Town"]
[Date "2022.07.13"]
[Round "7"]
[White "Kleinsmidt, Cherwin"]
[Black "Bouah, Lyndon"]
[Result "0-1"]
[WhiteElo "1877"]
[BlackElo "2052"]
[PlyCount "126"]
[EventDate "2022.07.09"]
[EventType "swiss"]
[EventRounds "11"]
[EventCountry "RSA"]
[SourceTitle "CBM 209 Extra"]
[Source "ChessBase"]
[SourceDate "2022.09.30"]
[SourceVersion "1"]
[SourceVersionDate "2022.09.30"]
[SourceQuality "1"]

1. e4 Nf6 2. d3 d5 3. e5 Nfd7 4. f4 e6 5. Nf3 c5 6. c3 Be7 7. Be2 0-0 8. 0-0 Nc6 9. d4 Qb6 10. Kh1 f6 11. b3 cxd4 12. cxd4 fxe5 13. fxe5 Rxf3 14. Rxf3 Qxd4 15. Nc3 Ndxe5 16. Rg3 Qxd1+ 17. Bxd1 Bd7 18. Bh6 Ng6 19. Bd2 Rf8 20. Bg4 Nge5 21. Be2 Nd4 22. Bf1 Be8 23. Bg5 Bd6 24. Bd3 Nf5 25. Rh3 h6 26. Bd2 Bc6 27. Re1 Ng4 28. Rf3 Nxh2 29. Rxe6 Nxf3 30. gxf3 Bc5 31. Bxf5 Rxf5 32. Kg2 Kf7 33. Re1 Rf6 34. Re5 Re6 35. Rf5+ Rf6 36. Re5 Bd4 37. Re1 Re6 38. Rf1 Bb6 39. Rd1 d4 40. Nb1 Re2+ 41. Kg3 g5 42. Rf1 Kg6 43. Rf2 Bc7+ 44. Kg2 Re6 45. Kh3 h5 46. Na3 Bxf3 47. Bxg5 Kxg5 48. Rxf3 Re3 49. Rxe3 dxe3 50. Nc2 e2 51. Kg2 h4 52. Nd4 Kg4 53. Nxe2 h3+ 54. Kg1 Kf3 55. Nd4+ Ke3 56. Nb5 Bb8 57. Nc3 Kd3 58. Na4 Bd6 59. Nb2+ Kc2 60. Nc4 Bc7 61. Kf2 Kb1 62. a4 Kc2 63. b4 Kc3 0-1

[Event "South African op"]
[Site "Cape Town"]
[Date "2022.07.12"]
[Round "6"]
[White "Taute, Clayden"]
[Black "Kleinsmidt, Cherwin"]
[Result "0-1"]
[WhiteElo "1384"]
[BlackElo "1877"]
[PlyCount "66"]
[EventDate "2022.07.09"]
[EventType "swiss"]
[EventRounds "11"]
[EventCountry "RSA"]
[SourceTitle "CBM 209 Extra"]
[Source "ChessBase"]
[SourceDate "2022.09.30"]
[SourceVersion "1"]
[SourceVersionDate "2022.09.30"]
[SourceQuality "1"]

1. c4 Nf6 2. Nc3 e6 3. g3 d5 4. Bg2 c6 5. b3 d4 6. Ne4 Nbd7 7. Nxf6+ Nxf6 8. Bb2 c5 9. e4 Be7 10. Ne2 0-0 11. Nc1 Qc7 12. Nd3 Rb8 13. 0-0 b6 14. f4 Bb7 15. Qe2 Ba6 16. a4 Nd7 17. Rae1 Bb7 18. Rc1 Rbe8 19. Ne1 a6 20. b4 cxb4 21. Bxd4 Bc5 22. Qf2 Rd8 23. Be3 Bxe3 24. Qxe3 Nc5 25. d4 Nxa4 26. Qb3 Nc3 27. Rxc3 bxc3 28. Qxc3 Rc8 29. Qb3 Qxc4 30. Qxb6 Rb8 31. Qa7 Bc6 32. Rf2 Rb1 33. Rf1 Bb5 0-1

[Event "South African op"]
[Site "Cape Town"]
[Date "2022.07.10"]
[Round "4"]
[White "Simpson, Michael"]
[Black "Kleinsmidt, Cherwin"]
[Result "1-0"]
[WhiteElo "1860"]
[BlackElo "1877"]
[PlyCount "89"]
[EventDate "2022.07.09"]
[EventType "swiss"]
[EventRounds "11"]
[EventCountry "RSA"]
[SourceTitle "CBM 209 Extra"]
[Source "ChessBase"]
[SourceDate "2022.09.30"]
[SourceVersion "1"]
[SourceVersionDate "2022.09.30"]
[SourceQuality "1"]

1. Nf3 d5 2. g3 Nf6 3. Bg2 e6 4. c4 c6 5. cxd5 cxd5 6. 0-0 Be7 7. d3 0-0 8. Nc3 a6 9. e4 b5 10. e5 Nfd7 11. h4 Bb7 12. d4 Nc6 13. Ne2 Rc8 14. Nf4 Re8 15. Ng5 Bxg5 16. hxg5 Nb4 17. Nh5 Nc2 18. Nf6+ gxf6 19. gxf6 Kh8 20. Bh6 Rg8 21. Rc1 Nb4 22. Qd2 a5 23. Rxc8 Bxc8 24. Kh2 Nxa2 25. Rh1 Rg6 26. Bg7+ Kg8 27. Kg1 Qc7 28. Qe2 Nf8 29. Bxf8 Kxf8 30. Rxh7 Rh6 31. Rxh6 Qc1+ 32. Bf1 Qxh6 33. Qxb5 Qc1 34. Qxa5 Bd7 35. Qd8+ Be8 36. Qe7+ Kg8 37. Qxe8+ Kh7 38. Qxf7+ Kh6 39. Qg7+ Kh5 40. f7 Nc3 41. g4+ Kh4 42. bxc3 Qf4 43. Qf6+ Qg5 44. f8Q Kxg4 45. Qxg5+ 1-0

[Event "RSA-chB"]
[Site "Cape Town"]
[Date "2019.12.09"]
[Round "3"]
[White "Basson, Jacques"]
[Black "Kleinsmidt, Cherwin"]
[Result "1/2-1/2"]
[WhiteElo "1670"]
[BlackElo "1933"]
[PlyCount "146"]
[EventDate "2019.12.07"]
[EventType "swiss"]
[EventRounds "11"]
[EventCountry "RSA"]
[SourceTitle "CBM 193 Extra"]
[Source "ChessBase"]
[SourceDate "2020.01.31"]
[SourceVersion "1"]
[SourceVersionDate "2020.01.31"]
[SourceQuality "1"]

1. d4 Nf6 2. Nf3 e6 3. Bf4 b6 4. e3 Be7 5. Bd3 Bb7 6. Nbd2 d5 7. Ne5 0-0 8. 0-0 c5 9. c3 Nc6 10. h3 Bd6 11. Ndf3 Qc7 12. Re1 Rac8 13. Nxc6 Bxc6 14. Ne5 Bb7 15. Qe2 Ne4 16. f3 Nf6 17. Qf2 Ne8 18. Qh4 f5 19. g4 Be7 20. g5 Qd8 21. Re2 g6 22. Rg2 Ng7 23. Qh6 Qe8 24. a4 c4 25. Be2 Nh5 26. Bh2 f4 27. Ng4 Rf7 28. Nf6+ Nxf6 29. gxf6 Rxf6 30. Bxf4 Bf8 31. Qh4 Rf5 32. Be5 Qf7 33. f4 Qe8 34. Rf1 Bg7 35. Bxg7 Kxg7 36. Bg4 Rf6 37. Ra1 Bc6 38. Bd1 Rc7 39. Bc2 a5 40. Kh2 Ra7 41. Qg5 Qe7 42. Qe5 Qc7 43. Qh5 b5 44. axb5 Bxb5 45. Rag1 Be8 46. Kh1 Rb7 47. Bb1 Qb8 48. Qe2 a4 49. Qc2 Rb3 50. h4 a3 51. bxa3 Qa7 52. h5 Qxa3 53. hxg6 h6 54. Qd1 Rxc3 55. Rh2 Qf8 56. Qh5 Kg8 57. Qxh6 Qxh6 58. Rxh6 Rxe3 59. Rh7 Rd3 60. Bxd3 cxd3 61. Rh3 d2 62. g7 Bg6 63. Rd1 Rxf4 64. Rxd2 Be4+ 65. Kg1 Kxg7 66. Rg3+ Bg6 67. Rdg2 Rf6 68. Rf2 Kf7 69. Rxf6+ Kxf6 70. Kf2 Bf5 71. Ke3 e5 72. dxe5+ Kxe5 73. Rg5 d4+ 1/2-1/2

[Event "RSA Inter Regional-ch"]
[Site "Boksburg"]
[Date "2018.12.11"]
[Round "6.3"]
[White "De Abreu, Roberto N"]
[Black "Kleinsmidt, Cherwin"]
[Result "1-0"]
[WhiteElo "2101"]
[BlackElo "1887"]
[PlyCount "75"]
[EventDate "2018.01.09"]
[EventType "team-swiss"]
[EventRounds "7"]
[EventCountry "RSA"]
[SourceTitle "CBM 189 Extra"]
[Source "ChessBase"]
[SourceDate "2019.05.31"]
[SourceVersion "1"]
[SourceVersionDate "2019.05.31"]
[SourceQuality "1"]
[WhiteTeam "JHB Metro Lions"]
[BlackTeam "Western Province A"]
[WhiteTeamCountry "RSA"]
[BlackTeamCountry "RSA"]

1. d4 Nf6 2. c4 e6 3. g3 d5 4. Nf3 dxc4 5. Bg2 Nc6 6. Qa4 Bb4+ 7. Bd2 Nd5 8. Qb5 a6 9. Qxc4 Nb6 10. Qd3 0-0 11. 0-0 Bxd2 12. Nbxd2 Qe7 13. e4 Rd8 14. Qc3 Na4 15. Qc2 Nb6 16. Nb3 a5 17. Rfd1 h6 18. a3 Qf6 19. a4 Qe7 20. Nc5 Nb4 21. Qc3 c6 22. b3 Nd7 23. Nd3 Nxd3 24. Rxd3 b6 25. Rdd1 Bb7 26. Nd2 Nf6 27. Nc4 Qc7 28. Ne3 Rd7 29. Rac1 Rad8 30. e5 Nd5 31. Bxd5 exd5 32. Nf5 c5 33. Nd6 c4 34. bxc4 Ba6 35. cxd5 Qxc3 36. Rxc3 Rxd6 37. exd6 Bb7 38. Rc6 1-0

[Event "Western Province-chT"]
[Site "Cape Town"]
[Date "2018.08.04"]
[Round "1"]
[White "Van Zyl, Albrecht"]
[Black "Kleinsmidt, Cherwin"]
[Result "1/2-1/2"]
[WhiteElo "1712"]
[BlackElo "1865"]
[PlyCount "70"]
[EventDate "2018.08.04"]
[EventType "team-tourn"]
[EventRounds "11"]
[EventCountry "RSA"]
[SourceTitle "EXT 2020"]
[Source "ChessBase"]
[SourceDate "2019.10.17"]
[SourceVersion "1"]
[SourceVersionDate "2019.10.17"]
[SourceQuality "1"]
[WhiteTeam "Grassy Park"]
[BlackTeam "Western Cape Univ"]
[WhiteTeamCountry "RSA"]
[BlackTeamCountry "RSA"]

1. e4 e5 2. Nf3 Nc6 3. Bb5 a6 4. Ba4 Nf6 5. 0-0 Nxe4 6. Re1 Nc5 7. Bxc6 dxc6 8. d4 e4 9. Ne5 Ne6 10. Rxe4 Be7 11. c3 0-0 12. Na3 Qd5 13. Qe1 Re8 14. Nc2 f6 15. c4 Qd6 16. Nf3 Bd7 17. Bd2 b6 18. Rd1 a5 19. b4 f5 20. Re2 Bf6 21. bxa5 bxa5 22. c5 Qd5 23. Ne3 Qxa2 24. Ra1 Qb3 25. Nxf5 Nxc5 26. Ne3 Nd3 27. Qd1 a4 28. Qxb3+ axb3 29. Rb1 b2 30. Bc3 Reb8 31. Ne1 Ra1 32. Rxa1 bxa1Q 33. Bxa1 Rb1 34. N3c2 Bf5 35. g3 Nxe1 1/2-1/2

[Event "Kinross USSA op"]
[Site "Kinross"]
[Date "2018.07.05"]
[Round "6"]
[White "Kleinsmidt, Cherwin"]
[Black "Mboyisa, Ndumiso"]
[Result "1-0"]
[WhiteElo "1824"]
[BlackElo "1495"]
[PlyCount "55"]
[EventDate "2018.07.02"]
[EventType "swiss"]
[EventRounds "9"]
[EventCountry "RSA"]
[SourceTitle "CBM 185 Extra"]
[Source "ChessBase"]
[SourceDate "2018.07.29"]
[SourceVersion "1"]
[SourceVersionDate "2018.07.29"]
[SourceQuality "1"]

1. e4 c6 2. d4 d5 3. exd5 cxd5 4. Bd3 Nc6 5. c3 Nf6 6. h3 e6 7. Nf3 Bd6 8. 0-0 0-0 9. Re1 Ne7 10. Nbd2 Ng6 11. Nf1 Bd7 12. Bg5 Qb6 13. Ne5 Bb5 14. a4 Bxd3 15. Nxd3 Ne4 16. Be3 Qc7 17. Rc1 a6 18. Nd2 Nxd2 19. Qxd2 b5 20. Qd1 Ne7 21. Ra1 Nc6 22. Qc2 Rfc8 23. Rec1 Qb6 24. b3 Nb4 25. Nxb4 Bxb4 26. axb5 Rxc3 27. Qe2 Qxb5 28. Qxb5 1-0

[Event "Kinross USSA op"]
[Site "Kinross"]
[Date "2018.07.02"]
[Round "1"]
[White "Dlamini, Qiniso"]
[Black "Kleinsmidt, Cherwin"]
[Result "0-1"]
[WhiteElo "1066"]
[BlackElo "1824"]
[PlyCount "87"]
[EventDate "2018.07.02"]
[EventType "swiss"]
[EventRounds "9"]
[EventCountry "RSA"]
[SourceTitle "CBM 185 Extra"]
[Source "ChessBase"]
[SourceDate "2018.07.29"]
[SourceVersion "1"]
[SourceVersionDate "2018.07.29"]
[SourceQuality "1"]

1. d4 Nf6 2. Bf4 c5 3. e3 Qb6 4. Nf3 Qxb2 5. Nbd2 cxd4 6. exd4 Nd5 7. Bg3 Nc3 8. Qc1 Qxc1+ 9. Rxc1 Nxa2 10. Rb1 Nc3 11. Rb3 Nd5 12. Bd3 Nf6 13. 0-0 d6 14. Re1 e6 15. Nc4 d5 16. Nd6+ Bxd6 17. Bxd6 Nc6 18. Ra1 Ne4 19. Ba3 f6 20. Re1 f5 21. c3 a6 22. Bxe4 fxe4 23. Ng5 h6 24. Nh3 g5 25. Reb1 b5 26. Bc5 Na5 27. Ra3 Nc4 28. Ra2 Bd7 29. Kf1 Kf7 30. Ng1 Kg6 31. Ne2 Rh7 32. Nc1 Rf7 33. Ke2 Rf4 34. Nb3 e3 35. fxe3 Re4 36. Na5 Rxe3+ 37. Kf2 Rxc3 38. Nxc4 Rxc4 39. Rba1 Bc8 40. Ra5 Bb7 41. Re1 Re8 42. Re5 b4 43. Re3 e5 44. Bd6 0-1

[Event "RSA Inter Regional-ch"]
[Site "Boksburg"]
[Date "2018.01.10"]
[Round "3.4"]
[White "Roos, Lucas"]
[Black "Kleinsmidt, Cherwin"]
[Result "1-0"]
[WhiteElo "1785"]
[BlackElo "1887"]
[PlyCount "53"]
[EventDate "2018.01.09"]
[EventType "team-swiss"]
[EventRounds "7"]
[EventCountry "RSA"]
[SourceTitle "CBM 189 Extra"]
[Source "ChessBase"]
[SourceDate "2019.05.31"]
[SourceVersion "1"]
[SourceVersionDate "2019.05.31"]
[SourceQuality "1"]
[WhiteTeam "Tshwane Chess II"]
[BlackTeam "Western Province A"]
[WhiteTeamCountry "RSA"]
[BlackTeamCountry "RSA"]

1. e4 e5 2. Nf3 Nc6 3. Nc3 Nf6 4. g3 Be7 5. Bg2 d6 6. 0-0 Bg4 7. h3 Be6 8. d4 exd4 9. Nxd4 Bd7 10. Be3 0-0 11. f4 Re8 12. g4 Nxd4 13. Bxd4 Bc6 14. g5 Nd7 15. h4 Bf8 16. Qg4 b5 17. Rae1 b4 18. Nd5 Bb5 19. Rf3 c6 20. Nf6+ Nxf6 21. gxf6 c5 22. fxg7 Be7 23. Bf2 Bf6 24. e5 Be7 25. e6 Rb8 26. exf7+ Kxf7 27. Rg3 1-0

[Event "RSA Inter Regional-ch"]
[Site "Boksburg"]
[Date "2018.01.09"]
[Round "1.4"]
[White "Kleinsmidt, Cherwin"]
[Black "Nhamuave, Eleazar"]
[Result "1-0"]
[WhiteElo "1887"]
[BlackElo "1584"]
[PlyCount "103"]
[EventDate "2018.01.09"]
[EventType "team-swiss"]
[EventRounds "7"]
[EventCountry "RSA"]
[SourceTitle "CBM 189 Extra"]
[Source "ChessBase"]
[SourceDate "2019.05.31"]
[SourceVersion "1"]
[SourceVersionDate "2019.05.31"]
[SourceQuality "1"]
[WhiteTeam "Western Province A"]
[BlackTeam "Tshwane White"]
[WhiteTeamCountry "RSA"]
[BlackTeamCountry "RSA"]

1. e4 d5 2. exd5 Qxd5 3. Nc3 Qd6 4. d4 c6 5. Nf3 Bg4 6. Be2 Nf6 7. Be3 e6 8. Qd2 Qc7 9. h3 Bf5 10. g4 Ne4 11. Nxe4 Bxe4 12. 0-0-0 a5 13. Rhg1 Na6 14. Ng5 Bg6 15. a3 h6 16. Nf3 f6 17. Rge1 Bd6 18. Nh4 Bf7 19. f4 Qe7 20. Qd3 g5 21. Ng6 Bxg6 22. Qxg6+ Kd7 23. Kb1 Nc7 24. f5 Rhg8 25. fxe6+ Qxe6 26. Qd3 Rae8 27. Bf3 Qf7 28. Be4 Nd5 29. c4 Nxe3 30. Rxe3 Kc7 31. Qc3 Ra8 32. Rde1 Rge8 33. Bf5 Rxe3 34. Rxe3 b6 35. Re6 Re8 36. Rxd6 Kxd6 37. Qg3+ Ke7 38. Qc7+ Kf8 39. Qxc6 Kg7 40. d5 Re1+ 41. Ka2 Qe8 42. Qxb6 a4 43. Be6 Qe7 44. c5 Re3 45. Qc6 Re2 46. Qc8 Qf8 47. Qd7+ Kh8 48. Qxa4 h5 49. gxh5 Qb8 50. Qb4 Qh2 51. c6 Kg7 52. Qe7+ 1-0

[Event "Johannesburg FASU bltz op 8th"]
[Site "Johannesburg"]
[Date "2016.06.28"]
[Round "2"]
[White "Bosane, Innocent"]
[Black "Kleinsmidt, Cherwin"]
[Result "1-0"]
[WhiteElo "1673"]
[BlackElo "1660"]
[PlyCount "161"]
[EventDate "2016.06.28"]
[EventType "swiss (blitz)"]
[EventRounds "10"]
[EventCountry "RSA"]
[SourceTitle "EXT 2017"]
[Source "ChessBase"]
[SourceDate "2016.10.25"]
[SourceVersion "1"]
[SourceVersionDate "2016.10.25"]
[SourceQuality "1"]

1. e4 e6 2. d4 d5 3. Nd2 Nf6 4. e5 Nfd7 5. Bd3 c5 6. c3 Nc6 7. Ndf3 Qb6 8. Ne2 cxd4 9. cxd4 Nb4 10. Bb1 Qa5 11. Nc3 Nc6 12. 0-0 b5 13. Bd2 b4 14. Ne2 Ba6 15. Re1 Nb6 16. b3 Qa3 17. Bc1 Qa5 18. Bd3 Rc8 19. Bb2 Bb5 20. Qd2 Bxd3 21. Qxd3 Be7 22. Qe3 h6 23. Qf4 Qb5 24. Qd2 a5 25. Rec1 a4 26. Rc2 0-0 27. Rac1 Na5 28. Qe3 axb3 29. axb3 Qd7 30. h3 Na8 31. Qd3 Nc7 32. Ra1 Ra8 33. Rcc1 Nb5 34. Ng3 Kh8 35. Ne2 Qb7 36. Nd2 Nc6 37. Rxa8 Rxa8 38. Ra1 Rxa1+ 39. Bxa1 Na3 40. Bb2 Qb5 41. Nc1 Qxd3 42. Nxd3 Nc2 43. Nf3 Bd8 44. Kf1 Bb6 45. Nc5 N6xd4 46. Nxd4 Nxd4 47. Bxd4 Kg8 48. Ke2 Kh7 49. Kd3 Kg6 50. Nd7 Bc7 51. Nc5 Kf5 52. g3 Bxe5 53. Bxe5 Kxe5 54. Na6 f5 55. Nxb4 f4 56. Nc2 fxg3 57. fxg3 Kd6 58. b4 e5 59. Ne3 Kc6 60. Nf5 e4+ 61. Kc3 g6 62. Ne7+ Kd6 63. Nxg6 Ke6 64. Nf4+ Ke5 65. b5 d4+ 66. Kb4 d3 67. Kc3 Kd6 68. Kd2 Kc5 69. Ne6+ Kxb5 70. Nf8 Kc5 71. Ng6 Kd5 72. Nf4+ Ke5 73. Ng2 Kd4 74. Ne3 Ke5 75. Kc3 Kf6 76. Kd4 Kg5 77. Kxe4 d2 78. Ke5 h5 79. Ke4 h4 80. g4 Kf6 81. Kf4 1-0

[Event "Johannesburg FASU bltz op 8th"]
[Site "Johannesburg"]
[Date "2016.06.28"]
[Round "7"]
[White "Lekgau, Mothupi"]
[Black "Kleinsmidt, Cherwin"]
[Result "1-0"]
[WhiteElo "1956"]
[BlackElo "1660"]
[PlyCount "71"]
[EventDate "2016.06.28"]
[EventType "swiss (blitz)"]
[EventRounds "10"]
[EventCountry "RSA"]
[SourceTitle "EXT 2017"]
[Source "ChessBase"]
[SourceDate "2016.10.25"]
[SourceVersion "1"]
[SourceVersionDate "2016.10.25"]
[SourceQuality "1"]

1. e4 c5 2. Nf3 Nc6 3. d4 cxd4 4. Nxd4 e5 5. Nb3 Nf6 6. Nc3 Bb4 7. Bd3 d5 8. exd5 Nxd5 9. 0-0 Nxc3 10. bxc3 Bxc3 11. Rb1 0-0 12. Qh5 f5 13. Rd1 Qf6 14. Ba3 Bb4 15. Bc4+ Kh8 16. Bb2 Be6 17. Bd3 Bxb3 18. axb3 Rad8 19. f4 Bc5+ 20. Kh1 Bd4 21. Ba3 Rfe8 22. fxe5 Nxe5 23. Bb5 Rg8 24. h3 f4 25. Rxd4 Rxd4 26. Bb2 Re4 27. Bd3 Qc6 28. Bxe4 Qxe4 29. Qxe5 Qxc2 30. Qc3 Qf2 31. Qf3 Qc2 32. Qc3 Qf2 33. Rg1 b6 34. Qd4 Qe2 35. Rc1 a5 36. Qxg7+ 1-0